000 01223nam a2200325 c 4500
003 BLK
005 20230506024439.0
008 180412b bul|||||r ||||||| ||bul||
010 _aKNG00012467000
040 _aBLK
041 _aBUL
_cBUL
080 _aАнглийска литература
_b821.111
_x-31
_z821.111-31
100 1 _aРид, Томас Майн
_d1818-1883
_9365222
700 1 _aНенова, Мария
_eпрев. от англ.
_9255995
139 _aРид, Томас Майн
_bР 59
245 1 0 _aДъщерите на скватера
_bРоман за юноши
_cТомас Майн Рид; прев. от англ. Мария Ненова.
250 _a2. изд.
257 _aGBR
260 София
_bОрион
_c1996
300 _a160 с.
_c20 см
380 _aX
490 1 _aСветовна библиотека
490 1 _3Подсерия
_aПоредица Избрани приключенски романи
500 _a1. изд. 1946 на изд. Ив. Куюмджиев. - 2 500 тир.
852 _aЦб 188309
856 4 _qpdf
_u
856 4 _qpdf
_u
942 _cKNG
_n0
944 _aCR
_c15.01.2003
_kAB_DOS
944 _aED
_c29.01.2015
_kСимона_Петрова
999 _c10951
_d10951